000 00885cam a2200265 a 4500
001 000005486
005 20200929151705.0
008 981007s1998 sp b 001 1 spa
020 _a8437616271
040 _aDO-SdBNP
_cDLC
_dDLC
082 _aE863.2
_bM552c
100 1 _aMera, Juan León,
_d1832-1894.
_915561
245 1 0 _aCumandá o un drama entre salvajes /
_cJuan León Mera ; edición de Ángel Esteban.
260 _aMadrid :
_bCátedra,
_c1998.
300 _a293 p. ;
_c18 cm.
490 1 _aLetras hispánicas
_v445
504 _aIncluye referencias bibliográficas (p. 75-77).
650 4 _aNovela ecuatoriana
_95017
650 4 _aLiteratura ecuatoriana
_93938
600 1 0 _aMERA, JUAN LEÓN,
_d1832-1894.
_915562
700 1 _aEsteban, Ángel,
_d1963-
_eed.
_915563
830 0 _aLetras hispánicas ;
_v445
_94208
910 _aCatalogación por copia / LC
910 _aWM
999 _c5285
_d5285